Knowledge-intensive services in Slovakia from the viewpoint of innovation and labour productivity

Reprezentačné a inovačné aktivity poznatkovo-intenzívnych služieb v ekonomike SR v porovnaní s menej poznatkovo-intenzívnymi službami. Produktivita práce v službách podľa inovačnej aktivity a poznatkovej intenzity.

Gespeichert in:
Bibliographische Detailangaben
1. Verfasser: Lattová, Dorota
Format: Buchkapitel
Sprache:Englisch
Schlagworte:
Tags: Tag hinzufügen
Keine Tags, Fügen Sie das erste Tag hinzu!

MARC

LEADER 00000naa a2200000 4500
001 0148871
005 20240605121336.1
041 0 |a eng 
044 |a SK 
245 1 0 |a Knowledge-intensive services in Slovakia from the viewpoint of innovation and labour productivity  |c Dorota Lattová 
520 |a Reprezentačné a inovačné aktivity poznatkovo-intenzívnych služieb v ekonomike SR v porovnaní s menej poznatkovo-intenzívnymi službami. Produktivita práce v službách podľa inovačnej aktivity a poznatkovej intenzity. 
610 2 0 |a služby poznatkovo intenzívne 
610 2 0 |a inovácia 
610 2 0 |a produktivita práce 
610 2 0 |a stratégia inovačná 
100 1 |a Lattová, Dorota